Cincinatti Bengals All Time Team - Statistics

General Stats
  • This quiz has been taken 37 times
  • The average score is 13 of 49
Answer Stats
Hint Answer % Correct
WR Chad Johnson
87%
QB Ken Anderson
87%
QB Andy Dalton
84%
T Willie Anderson
84%
WR AJ Green
81%
QB Boomer Esiason
81%
C Bob Johnson
77%
DL MIchael Johnson
77%
RB Pete Johnson
77%
RB Rudi Johnson
77%
T Anthony Munoz
68%
QB Carson Palmer
61%
RB Corey Dillon
55%
DL Geno Atkins
45%
DL Justin Smith
42%
WR Eddie Brown
39%
DL Carlos Dunlap
29%
DB Darryl Williams
19%
LB Reggie Williams
19%
WR Isaac Curtis
16%
DB Ken Riley
16%
LB Vontaze Burfict
16%
TE Bob Trumpy
10%
DL Domatka Peko
10%
RB James Brooks
6%
G Max Montoya
6%
DB Reggie Nelson
6%
TE Rodney Holman
6%
DB Leon Hall
3%
LB Al Beauchamp
0%
LB Bill Bergey
0%
LB Brian Simmons
0%
G Dave Lapham
0%
DB David Fulcher
0%
DL Eddie Edwards
0%
LB Glenn Cameron
0%
LB James Francis
0%
LB Jim Leclair
0%
DB Lemar Parrish
0%
DB Lewis Billups
0%
DB Louis Breeden
0%
WR Mahomes Glazer
0%
P Pat McInally
0%
LB Ray Maualuga
0%
DL Ron Carpenter
0%
DL Ross Browner
0%
K Shayne Graham
0%
DL Tim Krumie
0%
DB Tommy Casanova
0%
No matching quizzes found
Score Distribution
Percent of People with Each Score
Percentile by Number Answered
Your Score History
You have not taken this quiz